Propuesta de un Manual de Organización y Funciones, para el sindicato de taxis UTAMIX del distrito VI de la ciudad de Managua, afiliados al FNT
El presente estudio tiene como objetivo presentar una propuesta de manual organizacional y funcional para el sindicato Unión de Taxi Mixto (UTAMIX). Este manual se enfocará en establecer una estructura y un conjunto de normas y procedimientos que permitan a este sindicato de taxis operar de manera...
| Main Authors: | , , |
|---|---|
| Other Authors: | |
| Format: | Tesis Section = Libro |
| Language: | Undetermined Spanish |
| Published: |
Managua
UNI
2022
|
| Subjects: |
| LEADER | 01378nam a2200265Ia 4500 | ||
|---|---|---|---|
| 008 | 240830s9999 xx 000 0 und d | ||
| 040 | |a BIBLIOTECA-RUPAP/ Mon 658.402 M385 | ||
| 041 | |a spa | ||
| 082 | |a Mon 658.402 M385 | ||
| 100 | 1 | |a Martínez Hernández, Jorge J. Saúl | |
| 100 | 1 | |b Urbina Cárdenas, Michael José | |
| 100 | 1 | |c Picado Bravo, Jean Carlos | |
| 245 | 1 | 0 | |a Propuesta de un Manual de Organización y Funciones, para el sindicato de taxis UTAMIX del distrito VI de la ciudad de Managua, afiliados al FNT |
| 260 | |a Managua |b UNI |c 2022 | ||
| 300 | |a 148 p. :il. | ||
| 500 | |a Contiene: anexos y CD. | ||
| 502 | |a Tesis (Ingeniero de Sistemas) - UNI, 2022. | ||
| 520 | 3 | |a El presente estudio tiene como objetivo presentar una propuesta de manual organizacional y funcional para el sindicato Unión de Taxi Mixto (UTAMIX). Este manual se enfocará en establecer una estructura y un conjunto de normas y procedimientos que permitan a este sindicato de taxis operar de manera eficiente y eficaz. Se espera que este manual sirva como una herramienta útil para el sindicato a la hora de establecer y/o mejorar su funcionamiento. | |
| 650 | 7 | |a ESTRUCTURA ORGANIZACIONAL | |
| 650 | 7 | |b MANUALES ADMINISTRATIVOS | |
| 650 | 7 | |c ADMINISTRACION DE PERSONAL. | |
| 700 | 1 | |a Tutor: |b Huete Castillo, Manuel Enrique | |
| 942 | |c BK |2 ddc | ||
| 991 | |a Tesis | ||
| 999 | |c 27602 | ||